000 00528cam a2200169 i 4500
001 19098776
005 20241028201917.0
008 160518s2011 gh b 001 0 eng
020 _a9789988159610
_qHardcover with paperback
050 0 0 _aKRX3570 / KF8839
_b.T488 2011 / .T29 2011
100 1 _aTetteh, S. Kwami.
245 1 0 _aCivil procedure /
_cby S. Kwami Tetteh.
260 _aAccra, Ghana
_bS. Kwame Tetteh
_cc2011
300 _acxxviii, 1152 pages ;
_c22 cm
_bIndex
650 0 _aCivil procedure
_zGhana.
942 _2lcc
_cBK
_n0
999 _c327
_d327